01345cam a2200277 a 45000010009000000050017000090080041000260100017000670200022000840400018001060420008001240500020001320820020001521000037001722450109002092500012003182600045003303000035003755050386004106500026007966500044008229060045008669420012009119990019009239520125009421743757320230306102940.0120822s2013 coua b 001 0 eng  a 2012034293 a978-93-85919-00-8 aDLCcDLCdDLC apcc00aHD77b.P37 201300a338.91, PAR2231 aParkinson, Sarah,d1974-910978010aFinding a way in international development :boptions for ethical and effective work /cSarah Parkinson. a1st ed. aBoulder, Colo. :bKumarian Press,c2013. aviii, 273 p. :bill. ;c24 cm.0 aThe idea of international development (Page-19), The international development system in practice (Page-35), Development organizations (Page-55), Facing ourselves (Page-85), Learning the system (Page-105), Learning to be effective (Page-127), The drifters (Page-155), The team players (Page-177), The visionaries (Page-199), Opting out (Page-221), Conclusion (Page-241).  0aEconomic development. 0aNon-governmental organizations.9109781 a7bcbccorignewd1eecipf20gy-gencatlg 2ddccBK c593519d593519 00102ddc4070aMCSbMCScGENd2023-03-15o338.91, PARpMCS37647r2023-03-06w2023-03-06yBKzAlmirah No.50, Shelf No.4